Sociology of Organizations: Basic studies (Record no. 1848599)

MARC details
000 -LEADER
fixed length control field 00556nam a22001817a 4500
005 - DATE AND TIME OF LATEST TRANSACTION
control field 20260428141801.0
008 - FIXED-LENGTH DATA ELEMENTS--GENERAL INFORMATION
fixed length control field 260428b |||||||| |||| 00| 0 eng d
040 ## - CATALOGING SOURCE
Original cataloging agency RTL
Transcribing agency RTL
084 ## - COLON CLASSIFICATION NUMBER
Classification number Y9(X:8) L0/TD3
Assigning agency RTL
100 ## - MAIN ENTRY--PERSONAL NAME
Personal name Grusky, Oscar
245 ## - TITLE STATEMENT
Title Sociology of Organizations: Basic studies
260 ## - PUBLICATION, DISTRIBUTION, ETC.
Place of publication, distribution, etc. New york
Name of publisher, distributor, etc. Free Press
Date of publication, distribution, etc. 1970
300 ## - PHYSICAL DESCRIPTION
Extent X, 592 p.
Other physical details Includes bibliographical references and index
700 ## - ADDED ENTRY--PERSONAL NAME
Personal name Miller, George A.
9 (RLIN) 1235890
942 ## - ADDED ENTRY ELEMENTS (KOHA)
Source of classification or shelving scheme Colon Classification (CC)
Koha item type Textbook
Classification part Y9(X:8) L0/TD3
Suppress in OPAC No
Holdings
Withdrawn status Lost status Source of classification or shelving scheme Damaged status Not for loan Home library Current library Date acquired Total Checkouts Full call number Barcode Date last seen Price effective from Koha item type
    Colon Classification (CC)     Ratan Tata Library Ratan Tata Library 2026-04-28   Y9(X:8) L0/TD3 RT0515699 2026-04-28 2026-04-28 Textbook
Copyright @ Delhi University Library System